LEADER 01158nam a2200277 u 4500 001 000000009349 003 CaOOAMICUS 005 20070226105209.0 008 940516s1958 fr af u000 u fre u 035 $a10235464 040 $aPUL(R)$bita 100 1 $aMarcel, Raymond.$0(OLS)http://pul/name/9256 245 10$aMarsile Ficin :$b(1433-1499) /$cpar Raymond Marcel. 260 $aParis :$bLes Belles Lettres,$c1958. 300 $a784 p., [1] c. di tav. :$bant. (ritr.) ;$c23 cm 490 1 $aClassiques de l'humanisme.$aEtudes ;$v6 502 $aThesis - University of Paris. 504 $a"Essai de bibliographie ficinienne": p. [747]-757. 600 14$aFicino, Marsilio,$d1433-1499.$0(OLS)http://pul/subject/4859 830 0$aClassiques de l'humanisme.$pEtudes ;$v6.$0(OLS)http://pul/title/13745 850 $aPUL 852 $aPUL$W1$xSL Filosofia 1$y2$m95 A 22$j13258$nBK-PRI$b $qStampati$B13258$CPULBib$Z2$F13258 $H $81 941 1 $a8 961 $aINV: 35628 996 $6245$aMarsile Ficin :$b(1433-1499)$9(OLS)http://pul/title/13744 996 $6260$aParis :$bLes Belles Lettres$9(OLS)http://pul/publisher/48357 LEADER 00874nam a2200253 u 4500 001 000000035076 003 CaOOAMICUS 005 20070226112538.0 008 980218s1955 gw u000 u ger u 035 $a10783147 040 $aIPA$bita$dPUL(R) 100 1 $aSemmelroth, Otto.$0(OLS)http://pul/name/25603 245 14$aDie Kirche als Ursakrament /$cOtto Semmelroth. 250 $a2. Aufl. 260 $aFrankfurt am Main :$bKnecht,$c1955. 300 $a244 p. ;$c21 cm 500 $aContiene indice. 650 4$aChiesa.$0(OLS)http://pul/subject/2116 850 $aPUL 852 $aPUL$W1$xDP2 Religione 1$y63$m67 E 19$j48032$nBK-PRI$qStampati$B48032$CPULBib$Z2$F48032 $82 941 1 $a8 961 $aINV: 20717 996 $6245$aDie Kirche als Ursakrament$9(OLS)http://pul/title/48288 996 $6260$aFrankfurt am Main :$bKnecht$9(OLS)http://pul/publisher/62328